000 00519nam a2200193Ia 4500
005 20250508151501.0
008 008 250505s9999 xx 000 0 eng d
037 _aTextual
040 _aFEDL
_beng
_cFEDL
041 _aeng
_2eng
084 _a914.2, STA
_qFEDL
100 _aStamp L Dudley
245 0 _aMan and the land
260 _aLondon, UK
_bCollins Clear-Type Press
_c1955
300 _axvi,272p.
490 _aThe new naturalist
942 _cTEXL
_h914.2, STA
999 _c1330097
_d1330097